[Event "AUTO-OPEN-519"]
[Site "http://www.queenalice.com/game.php?id=360649"]
[Date "2008.2.25"]
[Round "3"]
[White "UnknownKnight"]
[Black "serrameira"]
[Result "1-0"]
[WhiteElo "1924"]
[BlackElo "1871"]

1. d4 Nf6 2. b3 d5 3. Bb2 Nc6 4. Nf3 Bg4 5. Nbd2 e6 6. e3 Ne4 7. Be2 Be7 8. O-O
Bb4 9. c4 Nxd2 10. Nxd2 Bxe2 11. Qxe2 Bxd2 12. Qxd2 dxc4 13. bxc4 O-O 14. Qc3 f6
15. c5 Ne7 16. Qb3 Qd7 17. Qb4 Nd5 18. Qa3 c6 19. Qb3 b6 20. cxb6 axb6 21. Ba3
c5 22. dxc5 bxc5 23. Bxc5 Rfb8 24. Qd3 Rb5 25. Rfc1 Qb7 26. a4 Rb3 27. Qe4 Re8
28. a5 Qa6 29. Qa4 Rb5 30. Rab1 Reb8 31. Rxb5 Rxb5 32. Bd6 Qxa5 33. Rc8+ Kf7 34.
Rf8+ Kg6 35. Qg4+ Kh6 36. h4 e5 37. Rg8 Rb7 38. Bf8 Qa7 39. Qe4 Rd7 40. Rh8 1-0

[Event "AUTO-ADV-752"]
[Site "http://www.queenalice.com/game.php?id=392704"]
[Date "2008.4.24"]
[Round "2"]
[White "UnknownKnight"]
[Black "claudiopsi"]
[Result "1-0"]
[WhiteElo "1917"]
[BlackElo "2002"]

1. d4 f5 2. b3 Nf6 3. Bb2 g6 4. Nf3 Bg7 5. e3 O-O 6. Bd3 Nc6 7. O-O d5 8. Nbd2
a6 9. c4 e6 10. a3 Ne4 11. c5 Bd7 12. b4 b5 13. Qc2 a5 14. Bxb5 Nxb4 15. axb4
Bxb5 16. Rfe1 axb4 17. Qb3 Nxd2 18. Nxd2 c6 19. Qxb4 Qc7 20. Nf3 h6 21. Nh4 Kh7
22. Ra3 g5 23. Nf3 g4 24. Ne5 h5 25. Rea1 Rxa3 26. Rxa3 h4 27. Qa5 Bxe5 28. dxe5
Kg6 29. Qxc7 1-0

[Event "AUTO-ADV-752"]
[Site "http://www.queenalice.com/game.php?id=392705"]
[Date "2008.4.24"]
[Round "2"]
[White "claudiopsi"]
[Black "UnknownKnight"]
[Result "1-0"]
[WhiteElo "1983"]
[BlackElo "1936"]

1. d4 d5 2. c4 e6 3. Nc3 Nf6 4. Nf3 Nbd7 5. e3 b6 6. cxd5 exd5 7. Bd3 Bb7 8. O-O
Bd6 9. Bd2 O-O 10. Nb5 Be7 11. Rc1 c5 12. dxc5 Nxc5 13. Bc3 a6 14. Nbd4 Nfe4 15.
a3 Nxc3 16. Rxc3 Nxd3 17. Qxd3 Bf6 18. Rfc1 Rc8 19. h3 Qd7 20. Nh2 Be5 21. Ng4
Bd6 22. Nf5 Kh8 23. Nxd6 Qxd6 24. Qd4 b5 25. b4 Qb8 26. Ne5 Qd6 27. Nxf7+ Rxf7
28. Rxc8+ Bxc8 29. Rxc8+ Rf8 30. Qe5 1-0

[Event "AUTO-ADV-752"]
[Site "http://www.queenalice.com/game.php?id=392706"]
[Date "2008.4.24"]
[Round "2"]
[White "UnknownKnight"]
[Black "AverBond"]
[Result "1-0"]
[WhiteElo "1922"]
[BlackElo "1939"]

1. d4 d5 2. b3 g6 3. Bb2 Bg7 4. Nf3 b6 5. Nbd2 Bb7 6. e3 Nf6 7. Bd3 O-O 8. O-O
Nbd7 9. c4 c5 10. Rc1 Rc8 11. a3 Re8 12. Ne5 Nxe5 13. dxe5 1-0

[Event "AUTO-ADV-752"]
[Site "http://www.queenalice.com/game.php?id=392707"]
[Date "2008.4.24"]
[Round "2"]
[White "AverBond"]
[Black "UnknownKnight"]
[Result "0-1"]
[WhiteElo "1922"]
[BlackElo "1939"]

1. e4 e5 2. Nf3 Nc6 3. d4 exd4 4. Nxd4 Nxd4 5. Qxd4 Qe7 6. Be3 d6 7. Bb5+ c6 8.
Be2 Nf6 9. Nc3 Qe5 10. Qxe5+ dxe5 11. O-O-O Be6 0-1

[Event "Amigos do Macuei"]
[Site "http://www.queenalice.com/game.php?id=418631"]
[Date "2008.6.16"]
[Round "2"]
[White "trallala"]
[Black "UnknownKnight"]
[Result "1-0"]
[WhiteElo "1694"]
[BlackElo "2026"]

1. e4 e5 2. Nf3 Nc6 3. d4 exd4 4. Bc4 Be7 5. Nxd4 Ne5 6. Bb3 d6 7. O-O Nf6 8. f4
Nc6 9. Nc3 Bg4 10. Nxc6 bxc6 11. Qe1 O-O 12. f5 d5 13. e5 Bc5+ 14. Kh1 Ne4 15.
Nxe4 dxe4 16. h3 Bxh3 17. gxh3 Qd4 18. e6 fxe6 19. fxe6 Kh8 20. c3 Qd3 21. Be3
Bxe3 22. Rxf8+ Rxf8 23. Rd1 Bd2 24. Qxd2 Qxh3+ 25. Kg1 Qg3+ 26. Qg2 Qe3+ 27. Kh1
Qh6+ 28. Qh2 Qf6 29. Qh3 h6 30. Bc4 Rd8 31. Rf1 Qg5 32. Rg1 Qf6 33. Qg3 e3 34.
Rf1 Qe7 35. Rf7 Rd1+ 36. Kh2 Rd2+ 37. Kh3 Qg5 38. Qxg5 hxg5 39. e7 1-0

[Event "AUTO-OPEN-1176"]
[Site "http://www.queenalice.com/game.php?id=423918"]
[Date "2008.6.27"]
[Round "1"]
[White "Philvd"]
[Black "UnknownKnight"]
[Result "0-1"]
[WhiteElo "1852"]
[BlackElo "1949"]

1. Nf3 d5 2. c4 e6 3. g3 Nf6 4. Bg2 Bd6 5. d4 c5 6. cxd5 exd5 7. Nc3 O-O 8. O-O
Bf5 9. Bg5 Be7 10. dxc5 Nbd7 11. Nd4 Bg6 12. c6 bxc6 13. Nxc6 Qe8 14. Nxe7+ Qxe7
15. Nxd5 Qe6 16. Nxf6+ gxf6 17. Bxa8 Rxa8 18. Bf4 Re8 19. Re1 Nb6 20. Qd6 Qf5
21. Rac1 Qh3 22. Qxf6 Nd5 23. Qc6 Rd8 24. Bc7 Be4 25. f3 Ne3 26. Kf2 Ng4+ 27.
fxg4 Qxh2+ 28. Ke3 Bxc6 29. Bxd8 Qxg3+ 30. Kd2 Qd6+ 31. Ke3 Qxd8 0-1

[Event "AUTO-OPEN-1176"]
[Site "http://www.queenalice.com/game.php?id=423919"]
[Date "2008.6.27"]
[Round "1"]
[White "UnknownKnight"]
[Black "Philvd"]
[Result "0-1"]
[WhiteElo "1961"]
[BlackElo "1918"]

1. e4 c6 2. d4 g6 3. Nf3 d5 4. e5 Bg7 5. Bf4 e6 6. Bd3 Nd7 7. Nbd2 c5 8. c3 Ne7
9. O-O O-O 10. b3 b6 11. Qc2 Bb7 12. Rac1 Rc8 13. Qb1 Qe8 14. Bb5 a6 15. Bxd7
Qxd7 16. a4 cxd4 17. cxd4 a5 18. Rc2 Ba6 19. Rxc8 Rxc8 20. Rc1 Nc6 21. Rc3 Bf8
22. Be3 Bb4 23. Rc1 Ne7 24. Nf1 Nf5 25. Bd2 Rxc1 26. Qxc1 Bxf1 27. Kxf1 Bxd2 28.
Qxd2 Qc6 29. g4 Ne7 30. Ne1 Kg7 31. Qc2 f5 32. exf6+ Kxf6 33. f4 Qxc2 34. Nxc2
g5 35. fxg5+ Kxg5 36. h3 Kf4 37. Kf2 Nc6 38. Kg2 Ke4 39. Kg3 Nxd4 40. Nxd4 Kxd4
41. h4 Ke5 42. Kf3 Kf6 43. Kf4 e5+ 44. Ke3 e4 45. Kf4 Ke6 46. g5 Kd6 47. h5 Ke6
48. Ke3 Kf5 49. g6 hxg6 50. h6 Kf6 51. Kd4 g5 52. Ke3 Kg6 0-1

[Event "AUTO-OPEN-1176"]
[Site "http://www.queenalice.com/game.php?id=423944"]
[Date "2008.6.27"]
[Round "1"]
[White "Dadcol"]
[Black "UnknownKnight"]
[Result "0-1"]
[WhiteElo "1805"]
[BlackElo "1979"]

1. d4 d5 2. c4 e6 3. Nf3 Nf6 4. Nc3 Be7 5. Bf4 a6 6. a3 c5 7. e3 b6 8. Be2 Bb7
9. O-O Nbd7 10. dxc5 Nxc5 11. b4 Nce4 12. Nxe4 Nxe4 13. Nd4 O-O 14. Rc1 Bg5 15.
Bxg5 Nxg5 16. Nf3 Ne4 17. Nd4 Re8 18. a4 dxc4 19. Rxc4 Bd5 20. Rc1 Qg5 21. Bf3
Rec8 22. Qd3 Nf6 23. Rxc8+ Rxc8 24. Bxd5 Nxd5 25. Nf3 Qd8 26. Rd1 Qc7 27. b5 a5
28. Ng5 g6 29. g3 Qc2 30. Qf1 Qxa4 31. Qh3 Qxd1+ 32. Kg2 Nxe3+ 0-1

[Event "AUTO-OPEN-1176"]
[Site "http://www.queenalice.com/game.php?id=423945"]
[Date "2008.6.27"]
[Round "1"]
[White "UnknownKnight"]
[Black "Dadcol"]
[Result "1-0"]
[WhiteElo "1969"]
[BlackElo "1815"]

1. d4 d5 2. b3 Nf6 3. Bb2 e6 4. Nf3 c5 5. e3 Nc6 6. Nbd2 cxd4 7. exd4 Bd7 8. a3
Be7 9. c4 dxc4 10. Nxc4 Nd5 11. Bd3 b5 12. Nce5 a6 13. O-O Nf4 14. Be4 Rc8 15.
Nxd7 Qxd7 16. Qd2 Qd6 17. Rac1 O-O 18. Rc2 f5 19. Bxc6 Rxc6 20. Rxc6 Qxc6 21.
Qxf4 Qd5 22. b4 h6 23. Qe5 Qb3 24. d5 Bf6 25. Qxe6+ Kh8 26. Bxf6 Rxf6 27. Qe5
Qd3 28. Re1 Rg6 29. Qe8+ Kh7 30. Ne5 Rxg2+ 31. Kxg2 Qd2 32. Qg6+ Kg8 33. Nf3 1-0

[Event "AUTO-OPEN-1176"]
[Site "http://www.queenalice.com/game.php?id=423960"]
[Date "2008.6.27"]
[Round "1"]
[White "jw16js"]
[Black "UnknownKnight"]
[Result "0-1"]
[WhiteElo "1485"]
[BlackElo "1947"]

1. e4 d5 2. e5 Nc6 3. d4 Bf5 4. Qf3 Nxd4 5. Qc3 Nxc2+ 6. Ke2 Nxa1 7. Nd2 d4 8.
Qa3 d3+ 9. Kd1 e6 10. Qc3 Nc2 11. f3 Bb4 12. Qb3 Ne3+ 13. Ke1 Qh4+ 14. g3 Qd4
15. g4 Nc2+ 16. Kd1 Qf2 17. Qa4+ Kd8 18. Qxc2 dxc2# 0-1

[Event "AUTO-OPEN-1176"]
[Site "http://www.queenalice.com/game.php?id=423961"]
[Date "2008.6.27"]
[Round "1"]
[White "UnknownKnight"]
[Black "jw16js"]
[Result "1-0"]
[WhiteElo "1988"]
[BlackElo "1512"]

1. d4 d5 2. b3 g6 3. Bb2 Bg7 4. Nf3 c5 5. e3 Bg4 6. Be2 Qa5+ 7. Nbd2 cxd4 8.
exd4 Nf6 9. O-O O-O 10. c4 dxc4 11. Nxc4 Qd8 12. h3 Be6 13. Nfe5 Nd5 14. Qd2 f5
15. f4 Bxe5 16. dxe5 Nb6 17. Qxd8 Rxd8 18. Rfd1 Bd5 19. Ba3 Bxc4 20. Rxd8+ Kf7
21. bxc4 N8d7 22. Rxa8 Nxa8 23. Rd1 Ndb6 24. c5 Na4 25. Bc4+ Kg7 26. Rd7 Nc3 27.
Rxe7+ Kh6 28. Bg8 g5 29. Rxh7+ Kg6 30. Rxb7 Ne2+ 31. Kf2 Nxf4 32. Bh7+ Kh6 33.
Bxf5 g4 34. hxg4 Kg5 35. Bc1 a5 36. g3 a4 37. Bxf4# 1-0

[Event "Amigos do Macuei"]
[Site "http://www.queenalice.com/game.php?id=474751"]
[Date "2008.10.9"]
[Round "3"]
[White "CCapivara"]
[Black "UnknownKnight"]
[Result "1-0"]
[WhiteElo "2083"]
[BlackElo "1997"]

1. e4 e5 2. f4 exf4 3. Nf3 Be7 4. Bc4 Nf6 5. d3 O-O 6. Bxf4 d6 7. O-O Bg4 8.
Nbd2 Nh5 9. Be3 Nd7 10. Qe1 c6 11. Bb3 Kh8 12. h3 Bxf3 13. Nxf3 Ne5 14. Nxe5
dxe5 15. Rxf7 Bh4 16. Rxf8+ Qxf8 17. Qxh4 Nf6 18. Rf1 Qd6 19. Bg5 Qd4+ 20. Kh1
Nd7 21. Rf7 Rf8 22. Rxf8+ Nxf8 23. Qg4 Qd7 24. Qf3 Ng6 25. h4 Qd6 26. h5 Nf4 27.
h6 gxh6 28. Bxf4 exf4 29. Qg4 Qf8 30. Kg1 b5 31. Qe6 Kg7 32. Qxc6 b4 33. Qd7+
Kg6 34. Qg4+ 1-0

[Event "Challenge"]
[Site "http://www.queenalice.com/game.php?id=480549"]
[Date "2008.10.21"]
[Round "-"]
[White "Magico"]
[Black "UnknownKnight"]
[Result "0-1"]
[WhiteElo "1598"]
[BlackElo "1984"]

1. d4 d5 2. c3 Nf6 3. Bg5 e6 4. Bxf6 Qxf6 5. Qa4+ Bd7 6. Qb3 b6 7. Nh3 c5 8. e3
c4 9. Qd1 Bd6 10. Na3 O-O 11. b3 Bxa3 12. bxc4 Bb2 13. Rb1 Bxc3+ 14. Ke2 dxc4
15. Rc1 Ba5 16. Rxc4 Bb5 17. Qd3 Nd7 18. a3 Rac8 19. Qc2 Rxc4 20. Qb3 Rb4+ 21.
Kd1 Rxb3 22. Kc2 Rc3+ 23. Kb2 Bxf1 24. Rxf1 Qf5 25. Rc1 Qb5+ 26. Ka2 Qb3+ 0-1

[Event "Amigos do Macuei"]
[Site "http://www.queenalice.com/game.php?id=508657"]
[Date "2008.12.16"]
[Round "4"]
[White "UnknownKnight"]
[Black "AG1"]
[Result "1-0"]
[WhiteElo "2004"]
[BlackElo "1904"]

1. d4 Nf6 2. Nf3 g6 3. e3 Bg7 4. Bd3 O-O 5. b3 d6 6. Bb2 Nbd7 7. O-O c5 8. c4
Nb6 9. Nbd2 Bg4 10. Qc2 cxd4 11. exd4 1-0

[Event "AUTO-OPEN-1176"]
[Site "http://www.queenalice.com/game.php?id=530305"]
[Date "2009.1.27"]
[Round "2"]
[White "UnknownKnight"]
[Black "westchessdf"]
[Result "1-0"]
[WhiteElo "2016"]
[BlackElo "1698"]

1. d4 Nf6 2. b3 g6 3. Bb2 Bg7 4. Nf3 d6 5. e3 O-O 6. Nbd2 c5 7. c4 b6 8. Bd3 Bb7
9. O-O Nbd7 10. Qc2 e6 11. e4 Re8 12. d5 exd5 13. exd5 Bc8 14. Rfe1 Ng4 15. Bxg7
Kxg7 16. h3 Ngf6 17. Ne4 Ne5 18. Nxe5 Rxe5 19. Nxf6 Qxf6 20. Re3 Rxe3 21. fxe3
Qe5 22. Re1 Bd7 23. e4 Re8 24. Re2 Qd4+ 25. Kh1 Qa1+ 26. Kh2 Qe5+ 27. g3 h5 28.
Re3 f5 29. Qf2 Qd4 30. Qf4 Rf8 31. Rf3 Qe5 32. exf5 Bxf5 33. Qxe5+ dxe5 34. Bxf5
Rxf5 35. Kg2 Kf6 36. g4 Kg5 37. gxf5 gxf5 38. h4+ Kf6 39. Rg3 1-0

[Event "AUTO-OPEN-1176"]
[Site "http://www.queenalice.com/game.php?id=530306"]
[Date "2009.1.27"]
[Round "2"]
[White "westchessdf"]
[Black "UnknownKnight"]
[Result "0-1"]
[WhiteElo "1693"]
[BlackElo "2003"]

1. Nf3 d5 2. b3 Nf6 3. Bb2 Bf5 4. d3 e6 5. e3 Nbd7 6. Nbd2 Bd6 7. Be2 O-O 8. O-O
e5 9. Re1 c5 10. c4 d4 11. Nh4 Bg6 12. Rf1 Qc7 13. exd4 exd4 14. Ndf3 Ne5 15.
Bc1 Nxf3+ 16. Nxf3 Ng4 17. g3 f5 18. Nh4 Ne5 19. Bf4 Be8 20. Bxe5 Bxe5 21. Nf3
Bd6 22. Nh4 f4 23. Bf3 fxg3 24. Bd5+ Kh8 25. fxg3 Rxf1+ 26. Qxf1 Bh5 27. Qg2 Rf8
28. Rf1 Rxf1+ 29. Qxf1 Qd7 30. Qf5 Qxf5 31. Nxf5 Bf8 32. Bxb7 Bd1 33. Bd5 Bc2
34. Be4 Bb1 35. a3 Bc2 36. g4 Bxb3 37. Ng3 g5 38. Ne2 Bd1 39. Nc1 Bxg4 40. Nb3
Bc8 41. Kf2 Kg7 42. Kf3 h5 43. Na5 Bd6 44. Kg2 Kf6 45. Nc6 a6 46. Na5 g4 47. Nb7
Be7 48. Kg3 Kg5 49. Na5 h4+ 50. Kg2 Kf4 51. Nc6 Bd6 52. Nd8 Ke3 53. Nf7 Bf4 54.
Nh8 h3+ 55. Kg1 Ke2 56. Ng6 Be3+ 57. Kh1 Kf1 58. Ne5 Bg1 59. Nf3 gxf3 60. Bxf3
Bf5 61. Bb7 Bxd3 62. Bxa6 Be4# 0-1

[Event "AUTO-OPEN-1176"]
[Site "http://www.queenalice.com/game.php?id=530307"]
[Date "2009.1.27"]
[Round "2"]
[White "UnknownKnight"]
[Black "salso"]
[Result "0-1"]
[WhiteElo "2019"]
[BlackElo "2028"]

1. d4 e5 2. dxe5 Nc6 3. Nf3 Qe7 4. Bf4 Qb4+ 5. Bd2 Qxb2 6. Bc3 Bb4 7. Qd2 Bxc3
8. Nxc3 Qxa1+ 9. Nd1 Nxe5 10. Ng5 Nf6 11. e3 h6 12. Nh3 d6 13. Nf4 Qxa2 14. Be2
g5 15. Nd3 Bf5 16. O-O Nxd3 17. Bxd3 Bxd3 18. Qxd3 Qd5 19. Qc3 Ke7 20. Qxc7+ Nd7
21. Qc3 Rac8 22. Qb2 b5 23. f4 g4 24. c3 Nf6 25. Qe2 Rc4 26. Qa2 Qc5 27. Qa6 Rc8
28. Qb7+ Rc7 29. Qa6 Ne4 30. Qa2 Nxc3 31. Nxc3 Rxc3 32. Kh1 Rc1 0-1

[Event "AUTO-OPEN-1176"]
[Site "http://www.queenalice.com/game.php?id=530308"]
[Date "2009.1.27"]
[Round "2"]
[White "salso"]
[Black "UnknownKnight"]
[Result "0-1"]
[WhiteElo "2026"]
[BlackElo "1986"]

1. e4 e5 2. Nf3 Nc6 3. Bc4 Bc5 4. d3 d6 5. h3 h6 6. Be3 Bb6 7. Bxb6 axb6 8. c3
Nf6 9. b4 O-O 10. Nbd2 Be6 11. Qb3 Bxc4 12. Nxc4 Nh5 13. g3 Qf6 14. Ncd2 Na7 15.
a4 c6 16. O-O Qg6 17. Kh2 b5 18. axb5 Nxb5 19. c4 Nc7 20. Nh4 Qg5 21. Nhf3 Qf6
22. Ng1 Rxa1 0-1

[Event "Challenge"]
[Site "http://www.queenalice.com/game.php?id=550803"]
[Date "2009.3.5"]
[Round "-"]
[White "UnknownKnight"]
[Black "Meirebel"]
[Result "1-0"]
[WhiteElo "1995"]
[BlackElo "2165"]

1. d4 Nf6 2. b3 d5 3. Bb2 Bf5 4. Nf3 e6 5. Nbd2 Be7 6. e3 Nc6 7. a3 O-O 8. Be2
Nd7 9. c4 Bd6 10. c5 Be7 11. O-O a6 12. b4 Bf6 13. Nb3 Re8 14. Bd3 Bxd3 15. Qxd3
e5 16. Nfd2 e4 17. Qe2 Qe7 18. Rab1 Qe6 19. Rfe1 Qf5 20. Nf1 Bh4 21. Ng3 Bxg3
22. fxg3 Qg6 23. Rf1 Nf6 24. Rf4 Nd8 25. Rbf1 Ne6 26. Rf5 c6 27. Na5 Re7 28. Bc3
Rd7 29. a4 Rc7 30. Bd2 Ng4 31. Nb3 Rd7 32. b5 axb5 33. axb5 Ra2 34. bxc6 bxc6
35. Nc1 Rxd2 36. Qxd2 Qh6 37. h3 Nxe3 38. R5f2 Nxf1 39. Qxh6 gxh6 40. Kxf1 Nxd4
41. Ne2 1-0

[Event "Amigos do Macuei"]
[Site "http://www.queenalice.com/game.php?id=572547"]
[Date "2009.4.15"]
[Round "5"]
[White "HelderNanques"]
[Black "UnknownKnight"]
[Result "1-0"]
[WhiteElo "2100"]
[BlackElo "2007"]

1. e4 e5 2. Nf3 Nc6 3. Bc4 Be7 4. O-O Nf6 5. d3 O-O 6. Nc3 d6 7. Be3 Bg4 8. Kh1
Nd4 9. Bxd4 exd4 10. Nd5 Nxd5 11. Bxd5 c6 12. Bb3 1-0

[Event "AUTO-OPEN-1176"]
[Site "http://www.queenalice.com/game.php?id=578887"]
[Date "2009.4.27"]
[Round "3"]
[White "Silver_Mosquito"]
[Black "UnknownKnight"]
[Result "1-0"]
[WhiteElo "2163"]
[BlackElo "1994"]

1. d4 d5 2. c4 e6 3. Nc3 Nf6 4. cxd5 exd5 5. Bg5 Be7 6. Qc2 Nbd7 7. e3 O-O 8.
Bd3 h6 9. Bh4 b6 10. Nge2 Bb7 11. O-O c5 12. Rac1 c4 13. Bf5 Re8 14. f3 Nh5 15.
Bf2 Bg5 16. g4 Bxe3 17. Bxe3 Rxe3 18. gxh5 Qg5+ 19. Ng3 Nf6 20. Rce1 Rxe1 21.
Rxe1 Nxh5 22. Bg4 Nxg3 23. hxg3 h5 24. Re5 Qg6 25. Qxg6 fxg6 26. Be6+ Kh7 27.
Bxd5 Bxd5 28. Rxd5 Re8 29. Re5 Rd8 30. d5 a6 31. Ne4 b5 32. d6 Kh6 33. Rc5 Rd7
34. Rc7 Rd8 35. Ra7 b4 36. Rxa6 c3 37. bxc3 bxc3 38. Nxc3 Rd7 39. Ne4 g5 40. Nc5
Rd8 41. d7+ g6 42. Ra7 h4 43. g4 h3 44. Kh2 Rb8 45. Rc7 Re8 46. Rc8 Re2+ 47.
Kxh3 Re7 48. d8=Q Rc7 49. Qh8+ Rh7 50. Qf8+ Rg7 51. Ne6 1-0

[Event "AUTO-OPEN-1176"]
[Site "http://www.queenalice.com/game.php?id=578888"]
[Date "2009.4.27"]
[Round "3"]
[White "UnknownKnight"]
[Black "Silver_Mosquito"]
[Result "0-1"]
[WhiteElo "2018"]
[BlackElo "2156"]

1. d4 d5 2. b3 Nf6 3. Bb2 Bf5 4. Nf3 e6 5. Nbd2 Bd6 6. e3 O-O 7. Be2 Nbd7 8. O-O
h6 9. c4 c6 10. c5 Bc7 11. a3 Qe7 12. b4 a6 13. Qb3 e5 14. dxe5 Nxe5 15. Nxe5
Bxe5 16. Bxe5 Qxe5 17. Nf3 Qc7 18. Rad1 Bg4 19. h3 Bh5 20. Nd4 Bxe2 21. Nxe2
Rfe8 22. Nd4 Ne4 23. Nf5 Qe5 24. Nd4 Kh8 25. a4 Qf6 26. a5 Re5 27. Qd3 Rae8 28.
Rc1 h5 29. Rc2 h4 30. Nf3 Rf5 31. Nd4 Rfe5 32. Ne2 Rg5 33. Qd4 Qf5 34. Nf4 Nf6
35. Qd3 Re4 36. Qc3 Rc4 37. Qd3 Qxd3 38. Nxd3 Rxc2 0-1

[Event "Desafio #1"]
[Site "http://www.queenalice.com/game.php?id=615658"]
[Date "2009.7.9"]
[Round "-"]
[White "Aylton"]
[Black "UnknownKnight"]
[Result "1-0"]
[WhiteElo "1946"]
[BlackElo "1985"]

1. d4 d5 2. Nf3 Nf6 3. e3 e6 4. c4 Be7 5. Nc3 b6 6. Be2 Bb7 7. O-O Nbd7 8. h3
O-O 9. b3 c5 10. Bb2 Ne4 11. Nxe4 dxe4 12. Nd2 Nf6 13. Qc2 Qd7 14. dxc5 Bxc5 15.
Bxf6 gxf6 16. Nxe4 Bxe4 17. Qxe4 f5 18. Qh4 Be7 19. Qh5 Bf6 20. Rad1 Qe7 21. g4
fxg4 22. hxg4 e5 23. Kg2 Qb7+ 24. Bf3 e4 25. Be2 Bg7 26. Rh1 h6 27. g5 Qc6 28.
gxh6 Bf6 29. Rdg1 Kh8 30. Kf1 Qe6 31. Bg4 Qd6 32. Bf5 Qe5 33. Rg7 Qa1+ 34. Kg2
Qxh1+ 35. Kxh1 Bxg7 36. hxg7+ Kxg7 37. Qg5+ 1-0

[Event "Desafio #2"]
[Site "http://www.queenalice.com/game.php?id=615659"]
[Date "2009.7.9"]
[Round "-"]
[White "UnknownKnight"]
[Black "Aylton"]
[Result "0-1"]
[WhiteElo "2008"]
[BlackElo "2046"]

1. d4 Nf6 2. b3 d5 3. Bb2 e6 4. Nf3 c5 5. e3 Nc6 6. Nbd2 a6 7. Bd3 Be7 8. c4 O-O
9. O-O b6 10. a3 Bb7 11. Qc2 h6 12. Ne5 dxc4 13. Ndxc4 cxd4 14. Nxc6 Bxc6 15.
Bxd4 Rb8 16. Ne5 Bb7 17. Qe2 Qd5 18. f3 Qxb3 19. Bxa6 Bxa6 20. Qxa6 Nd5 21. Rfb1
Qc2 22. Rc1 Qd2 23. Nc6 Rbe8 24. Rd1 Qc2 25. a4 Qxc6 0-1